Normal view MARC view
  • Fernández Flores, Isidoro

Entry Nombre Personal

Number of records used in: 2

001 - NUMERO DE CONTROL

  • campo de control: 52704

003 - IDENTIFICADOR DE NUMERO DE CONTROL

  • campo de control: MX-MxUPN

005 - FECHA Y HORA DE LA ÜLTIMA TRANSACCIÓN

  • campo de control: 20240705135030.0

008 - DATOS DE LONGITUD FIJA

  • campo de control de longitud fija: 240705|| aca||aabn | aaa d

040 ## - FUENTE DE CATALOGACIÓN

  • Agencia original de catalogación: MX-MxUPN
  • Lenguaje de catalogación: spa
  • Agencia de transcripción: MX-MxUPN

100 1# - ENCABEZAMIENTO - NOMBRE PERSONAL

  • Nombre personal: Fernández Flores, Isidoro

670 ## - FUENTE EN LA QUE SE LOCALIZARON DATOS

  • Cita de la fuente: Corazón diario de un niño, 1902:
  • Información localizada: portada (Isidoro Fernández Flores)

902 ## - CATALOGADOR

  • Catalogador: Víctor Ruiz/050724